| 000 | 00731mam a2200241 a 4500 | ||
|---|---|---|---|
| 001 | 3341973 | ||
| 003 | ARRUPE | ||
| 005 | 20131127155304.0 | ||
| 008 | 020828s2001 iv a 000 0 fre d | ||
| 020 | _a2844871097 (NEI) | ||
| 020 | _a2910088170 (Neter) | ||
| 035 | _a(OCoLC)ocm50501755 | ||
| 035 | _a(NNC)3341973 | ||
| 040 |
_aINU _cINU |
||
| 050 |
_aPR9371.9Z3 _bG8 |
||
| 100 | 1 |
_aZadi Zaourou, Bernard, _d1938-2012. _94286 |
|
| 245 | 1 | 3 |
_aLa guerre des femmes : _bsuivie de, La termitière : théâtre / _cBottey Zadi Zaourou. |
| 260 |
_aAbidjan : _bNouvelles Editions ivoiriennes : _bEditions Neter, _cc2001. |
||
| 300 |
_a144 p. : _bill. ; _c21 cm. |
||
| 740 | 0 | 2 | _aTermitière |
| 942 |
_2lcc _cMONOGRAPH |
||
| 999 |
_c118806 _d118806 |
||